Lateral thinking : a textbook of creativity

Bibliographic Details
Main Author: De Bono, Edward
Format: Book
Published: London : Penguin Books , 1990
Subjects:

MARC

LEADER 00000cam a2200000 7i4500
001 0000111244
005 20070918.0
020 |a 9780140137798 
090 0 0 |a 153.42   |b DEB 
100 1 |a De Bono, Edward 
245 1 0 |a Lateral thinking :   |b a textbook of creativity   |c Edward de Bono 
260 |a London :   |b Penguin Books ,   |c 1990 
300 |a 260p. ;   |c 20cm. 
650 0 0 |a Thought and thinking 
999 |a 00206266   |b BUKU   |c PINJAMAN   |e PERPUSTAKAAN KOMUNITI PETALING JAYA